MDQL
is popping MORE tags! Check the
thread
!
Quizzes
Events
Quiz Creation
Community
Videos
Private Events
Remove Ads
Sign In
Join for FREE
Feedback
Dark Mode
Quiz Categories
Sports
Geography
Music
Movies
Television
Just For Fun
Miscellaneous
History
Literature
Language
Science
Gaming
Entertainment
Religion
Holiday
For Kids
Quiz Lab
Recent
Popular Today
Quiz Kudos Today
Editor Picks
Curator Picks
Quizzes by...
Day
Popularity
Type
Ratings
Length
Year
Community
Subscriptions
Recent Discussions
Orange Saloon
Badges
Playlists
Quests
Create
Leaderboards
Showdown
Live 5
Trivia Bingo
Activity
Puzzle Library
Sporcle Events
Private Events
Virtual Trivia
Globe League
Become a Host
Pub Owners
SporcleCon
Opinionation
Our Games
Videos
Blog
Mobile Apps
Partnerships
Remove Ads and Go Orange
Feedback
Sports
Athletes
MLB
NBA
NHL
NFL
Soccer
Sports Teams
WWE
NCAA
Football
Premier League
Basketball
Baseball
Hockey
Golf
Tennis
Cricket
Rugby
Auto Racing
Olympics
World Cup
Sports
Athletes
MLB
NBA
NHL
NFL
Soccer
Sports Teams
WWE
NCAA
Football
Premier League
Basketball
Baseball
Hockey
Golf
Tennis
Cricket
Rugby
Auto Racing
Olympics
World Cup
Random Quiz
Search Sporcle
×
Quiz Lab
Quiz Lab
Sports
World
Type in answers that appear in a list
Type in answers that appear in a list
Classic
Best Score? Go Orange.
World Series HRs 2000-2009 Stats
Can you name the players who hit World Series HRs from 2000-2009?
By
jfey5
10m
78 Questions
865 Plays
865 Plays
865 Plays
Comments
Comments
Give Quiz Kudos
Give Quiz Kudos
-
- Ratings
hide this ad
Replay
Link that replays current quiz
Next Quiz
Link to next quiz in quiz playlist
You Got
0%
They Got
Avg Score
52%
Avg Friend Score
Upgrade to see
Score Distribution
Jump to the score distribution portion of the page
Score
0/78
Timer
10:00
0
Plays Today
Year
Player
% Correct
2009
Ryan Howard
95.3%
2008
Ryan Howard
95.3%
2001
Derek Jeter
94.7%
2000
Derek Jeter
94.7%
2009
Alex Rodriguez
94.5%
2009
Chase Utley
92.7%
2008
Chase Utley
92.7%
2004
David Ortiz
92%
2004
Manny Ramirez
90.6%
2006
Albert Pujols
90.3%
2002
Barry Bonds
88.3%
2003
Alex Gonzalez
79.5%
2001
Luis Gonzalez
79.5%
2009
Jayson Werth
77.2%
2008
Jayson Werth
77.2%
2009
Hideki Matsui
76.6%
2003
Hideki Matsui
76.6%
2003
Bernie Williams
75.8%
2000
Bernie Williams
75.8%
2001
Matt Williams
75.7%
2003
Miguel Cabrera
74.1%
2001
Jorge Posada
72.6%
2005
Paul Konerko
71.4%
2005
Jermaine Dye
70.5%
2009
Mark Teixeira
70.1%
2004
Johnny Damon
69.8%
2000
Mike Piazza
67.4%
2007
Mike Lowell
67.2%
2002
Jeff Kent
66.9%
2007
Matt Holliday
66.4%
2008
Carl Crawford
66%
2007
Dustin Pedroia
65.5%
2002
Troy Glaus
64.5%
2009
Raul Ibanez
63.2%
2009
Carlos Ruiz
61.3%
2008
Carlos Ruiz
61.3%
2001
Tino Martinez
59.4%
2009
Nick Swisher
56.2%
2003
Jason Giambi
55.8%
Year
Player
% Correct
2001
Scott Brosius
54.2%
2000
Scott Brosius
54.2%
2009
Pedro Feliz
53.4%
2002
Tim Salmon
52.1%
2006
Scott Rolen
49.2%
2003
Alfonso Soriano
47.4%
2001
Alfonso Soriano
47.4%
2002
David Bell
46.7%
2005
Scott Podsednik
41.8%
2007
Brad Hawpe
39.3%
2005
Morgan Ensberg
35.1%
2007
Garrett Atkins
34.9%
2002
JT Snow
34.9%
2004
Larry Walker
34.3%
2000
Robin Ventura
34.3%
2002
Darin Erstad
34%
2005
Joe Crede
33.1%
2001
Steve Finley
32.6%
2004
Mark Bellhorn
29.9%
2001
Mark Grace
29.5%
2003
Aaron Boone
28.1%
2002
Reggie Sanders
25%
2001
Craig Counsell
24.9%
2002
Scott Spiezio
24.2%
2005
Geoff Blum
20.7%
2001
Shane Spencer
20.2%
2008
Joe Blanton
19.5%
2008
Rocco Baldelli
19%
2006
Sean Casey
17.2%
2008
Eric Hinske
16.4%
2000
Jay Payton
15.6%
2006
Craig Monroe
15.3%
2005
Jason Lane
13.2%
2008
Eric Bruntlett
11.6%
2002
Rich Aurillia
10.9%
2001
Rod Barajas
10.6%
2005
Mike Lamb
10.1%
2007
Bobby Kielty
8.2%
2002
Shawon Dunston
7.2%
Quiz Playlist
Details
Report
Send in Message
Add To Playlist
Classic:
Type in answers that appear in a list
Last Updated: Feb 16, 2017
Quiz Scoreboard
CHALLENGE
Sign Up to Join the Scoreboard
Show All
Scores
Hide
Comments
May contain spoilers
Recently Published
Two Season TV Shows II
by 123Four
Television
10m
Image Sorting: Flags VI
by Barbecue
Geography
2m
Find the 'City' Movie
by crazypaving
Movies
60s
More to Explore
Quiz From the Vault
Featured Blog Post
14 Easter Pick-up Lines to Find Eggs With
hide this ad
You Might Also Like...
Tags
World Quiz
2000s
hit
hrs
Player
team
World Series
Today's Top Quizzes in Sports
Browse Sports
hide this ad
Today's Top Quizzes in World
Browse World
Top Contributed Quizzes in Sports
1
Les meilleurs buteurs des matchs entre le PSG et l’OM
2
Les entraîneurs de l'OM et du PSG au 21e siècle
3
2022 World Cup Stars
4
Les joueurs passés par le PSG et l'OM
5
Players with Multiple 50 Home Run Seasons
6
FIFA Club World Cup Champions
7
Criteria MLB: Left Handed Sluggers
8
Les joueurs passés par le LOSC et le RC Lens
9
Top 10 NHL Goal Scorers of All Time
10
NBA Logic Puzzle 2.0
Explore More
Trending Topics
NBA
Anime
Marvel
Kpop
Harry Potter
Disney
Crossword
Song
Puzzle
NFL
Soccer
Country
The Office
Pokémon
WWE
hide this ad
More By:
jfey5
Quiz
Plays
Rating
Category
Featured
Created
NBA MVP Voting (2000s)
260,845
4.56
Sports
Dec 10, 2009
Top 5 NBA Playoff Scorers, '90s-'10s
213,461
4.59
Sports
Mar 19, 2011
NBA All-Star Starters
23,333
4.53
Sports
Nov 27, 2009
Last 5 NBA 20 PPG Scorers by Team
13,839
4.04
Sports
May 9, 2010
All-NBA Teams 2000-present
9,476
3.92
Sports
Nov 26, 2009
Go to Creator's Profile
Score Distribution
Quiz Creator Spotlight
jfey5
Follow
Send a Message
Quizzes Created
-
Created Quiz Play Count
-
More By This Creator
Popular Quizzes Today
1
Find the US States - No Outlines Minefield
2
Colored Red Africa Blitz
3
Find the 'City' Movie
4
5x2 Blitz: Bands
5
The Countries of the World
6
Find the Countries of Europe - No Outlines Minefield
7
Find the US States
8
US States
More Sports Quizzes
1978 European Champions - Liverpool
Curator's Pick
Trending Quizzes
Colored Red Europe Blitz I
Colored Red Africa Blitz II
Colored Red Europe Blitz II
Colored Red Africa Blitz III
Even More Two Season TV Shows
Recently Updated
March Madness Men's Triple Doubles
pecheneg
How Do You Spell That?
pecheneg
Godzilla Movies
pecheneg
Grab Bag: 4-10 Letters
pecheneg
2024 March Madness Bracket
pecheneg
Famous TV Couples
Peacemaker
Champions League XIs: Real Madrid
pecheneg
Largest US Cities 1790-2010
pecheneg
Rides in Walt Disney World
pecheneg
Most Oscar Losses (Acting)
pecheneg
Trending Topics
Marvel
NBA
Disney
Harry Potter
Anime
Crossword
Kpop
WWE
Country
Soccer
The Office
Pokémon
Song
Puzzle
NFL
Your Account Isn't Verified!
In order to create a playlist on Sporcle, you need to verify the email address you used during registration. Go to your
Sporcle Settings
to finish the process.
Report this User
Report this user for behavior that violates our
Community Guidelines
.
Details:
Send Report
Go to the Sporcle.com Mobile Site →
Comments